=LDR 00000nam 2200000 4500 =001 NUTBA000000000006375 =005 20141205141104.0 =006 =007 =008 =020 ##$$a 978-602-98175-2-2 =035 ##$$a 0010-121400000000099 =040 ##$$a NBPDMAT =082 ##$$a 616.12 3 =090 ##$$a 616.12 3 $b Mei s =100 ##$$a Meita Shanty =245 ##$$a Silent Killer Dislases : $b Penyakiit yang diam - diam mematikan / $c Meita Shanty ; Penyunting, Chrisna Farmadiani =260 ##$$a Yogyakarta : $b Javalitera, $c 2011 =300 ##$$a 143 hlm. : $b ilus. ; $c 19 cm. =650 ##$$a Penyakit mematikan =700 ##$$a Chrisna Farmadiani =850 ##$$a NBPDMAT